00622nam a22001937a 4500003000900000008004100009040007100050082001800121100002300139245007800162260004100240300002500281650001800306650001600324650001300340650002200353700002200375700003100397AR-CdUCM190304b ||||| |||| 00| 0 spa d aMUNICIPALIDAD PROVINCIAL DEL CUSCOcBIBLIOTECA MUNICIPAL DEL CUSCO a361.7 /bES77 aEscobar M, Gabriel aOrganización Social y Cultural del Sur del Perú /cEscobar M, Gabriel aMexico :bTalleres de Edimix,c1967. a250 paginas ;c18cm. aOrganizacion  aLiteratura  aSiglo XX aSocial y Cultural aSchaedel, Richard aNuñez del Prado, Óscar